000 00682nam a2200241 i 4500
001 19234
003 ES-MaACL
005 20250718062533.0
007 t|
008 020704s2001 sp ||||1| spa d
020 _a84-7490-634-2
080 _a17
100 1 _aMoore, G. E.
_982811
245 1 0 _aEtica /
_cG. E. Moore.
250 _a2ª ed. rev.
260 _aMadrid :
_bEncuentro,
_c[2001]
300 _a126 p. ;
_c23 cm.
490 1 _aEnsayos (Ediciones Encuentro) ;
_v191.
_aFilosofía
650 1 7 _aÉtica
_2embne
_912577
830 0 _aEnsayos (Ediciones Encuentro) ;
_v191.
_aFilosofía
_9228868
852 _aES-MaACL
_jL-25668
_bR.131235
999 _c19234
_d19234